000 01052nam a2200253 i 4500
001 21719
003 ES-MaACL
005 20250815041419.0
007 t|
008 021127s1975 sp ||||1| spa d
100 1 _aAl-Razi, Ahmad b. Muhammad.
_919054
245 1 0 _aCrónica del moro Rasis..., 889-955 /
_cromanzada por Mahomad, alarife y Gil Pérez, clérigo de Don Perianes Porçel ; Diego Catalán ... [et al.] prepararon esta edición pluritextual.
260 _a[Madrid :
_bGredos,
_c1975]
300 _aCX, 389 p., 4 lám. ;
_c28 cm.
490 1 _aFuentes cronístas de la historia de España ;
_v3
651 4 _aEspaña-
_xDescripción-
_vObras anteriores a 1800.
_9147509
651 4 _aEspaña-
_xHistoria-
_yHasta 414.
_9148016
651 7 _aEspaña-
_xHistoria-
_y0414-0711, Época visigoda
_2
_9162046
700 1 _aGil Pérez, Mahomad.
_956861
700 1 _aCatalán, Diego.
_937019
830 0 0 _aFuentes cronísticas de la historia de España
_v3
_9182314
852 _aES-MaACL
_jL-2083
_bR.92262
999 _c21719
_d21719